Normal view
MARC view
- Communication Commission
Entry Topical Term
001 - CONTROL NUMBER
- control field: 105870
003 - CONTROL NUMBER IDENTIFIER
- control field: NUST
005 - DATE AND TIME OF LATEST TRANSACTION
- control field: 20221226102147.0
008 - FIXED-LENGTH DATA ELEMENTS
- fixed length control field: 221226|| aca||aabn | a|a d
040 ## - CATALOGING SOURCE
- Original cataloging agency: NUST
- Transcribing agency: NUST
150 ## - HEADING--TOPICAL TERM
- Topical term or geographic name entry element: Communication Commission
670 ## - SOURCE DATA FOUND
- Source citation: Work cat.: (NUST)183295: Cahill John T 105868, Before the Federal Communications Commission /, 1953.
